00675nam a22002057a 450000500170000001000130001702000250003003500130005503700160006804000120008408200130009610000230010924501370013226000320026927000520030130000320035365000310038565000280041670000250044420170124110054.0 aB-276981 c00.00a9780230634244 aB-276981 bCen Lib/Ret aDPLbEN a613bJAI aJain, Ashok Birbal aA to Z of health challenges after thirty :cby Ashok Birbal Jain [and] Aruna A Birbal Jainba practical guide to your health needs / aNew DelhibMacmillianc2006 a2/10, Ansari Road, DaryaganjbNew Delhie110002 avi,290p. : c21cm(Hb)bill. aPersonal health and safety aBrain and mind problems aJain, Aruna A Birbal